000
00202 a2200097 4500
020
_a
9780439793155
041
_a
eng
100
_a
Korman fontes, justine
245
_a
Bedtime for little monster
942
_c
BK
999
_c
763
_d
763